000 003140000a22001330004500
003 MACL
040 _aMACL
090 _c5782
_d5781
100 _aThornton, D M
245 _aParsi Jaina And Sikh
_bSome Minor religions Sects in India
260 _bMittal Publication
_c1987
650 _aReligion
942 _cBOOK
_k294
999 _c5739
_d5739